| 000 | 00678nam a2200265Ia 4500 | ||
|---|---|---|---|
| 008 | 171120s9999 xx 000 0 und d | ||
| 020 | _a9.7805501423e+012 | ||
| 050 | _a422.03 | ||
| 050 | _bB262 2011 | ||
| 100 | _aBarnhart, Robert R. | ||
| 245 | _aChamber's dictionary of etymology / | ||
| 245 | _cby Robert R. Barnhart. | ||
| 260 | _aLondon : | ||
| 260 | _bChambers, | ||
| 260 | _c2011 | ||
| 300 | _a1284 pages : | ||
| 300 | _billustrations ; | ||
| 300 | _c25cm. | ||
| 500 | _aIncludes bibliographic reference. | ||
| 650 | _aEnglish language -- | ||
| 650 | _aEnglish. | ||
| 650 | _aEtymology. | ||
| 650 | _xEtymology -- Dictionary. | ||
| 700 | _aTitle. | ||
| 999 |
_c345143 _d345143 |
||